000
00221 a2200097 4500
001
10702
100
_a
Ahmad, J U
245
_a
Quaid-i-Azam: As seen by his contemporaries.
260
_a
_b
United
_c
090
_c
8302
_d
8302
942
_a
NUST-CAE
_c
M
_c
35048
999
_c
245775
_d
245775